000 00873nam a2200253 a 4500
001 BRL_1415
005 20190320211207.0
008 130114s1977----u--abo####---#101-0deng-#
041 _aeng
044 _au
050 4 _aTS1306.A1
_b.I74 1977
111 2 _aIrene Emery Roundtable on Museum Textiles
_cWashington, D.C.
_e1976
_926830
245 1 0 _aEthnographic textiles of the western hemisphere
_b1976 proceedings
_cIrene Emery Roundtable on Museum Textiles ; edited by Irene Emery and Patricia Fiske.
260 _aWashington, D.C.
_bThe Textile Museum
_c1977
300 _aiv, 535 p.
_bil.
_c28 cm
500 _aAu1671
650 1 4 _aTelas
_vCongresos
_926831
650 1 4 _aTextiles
_vCongresos
_926832
700 1 _aEmery, Irene
_926645
700 1 _aFiske, Patricia L.
_926833
710 2 _aTextile Museum (Washington, D.C.)
_926437
902 _aGRL
942 _2lcc
_cB
999 _c10225
_d10225